| 000 | 01035nam a2200277 i 4500 | ||
|---|---|---|---|
| 001 | 155976 | ||
| 003 | ES-MaACL | ||
| 005 | 20250902063108.0 | ||
| 008 | 190205s1966 ag |||| | spa d | ||
| 017 |
_aB 12043-1966 _bOficina Depósito Legal Barcelona |
||
| 040 | _cES-MaACL | ||
| 080 | _a316.343.2-058.14 | ||
| 245 | 0 | 4 |
_aLos trabajadores en la sociedad contemporánea / _cJean Dubois, Paul-Henry Chombart de Lauwe ... [et al.] ; versión de Ángel Abad |
| 260 |
_aBarcelona : _bNova Terra, _c[1966] |
||
| 300 |
_a442 páginas ; _c21 cm |
||
| 490 | 1 |
_aColección el mundo y los hombres ; _v13 |
|
| 650 | 7 |
_aClase trabajadora _2embne _9151811 |
|
| 700 | 1 |
_aDubois, Jean, _d1928-2010 _eaut _945766 |
|
| 700 | 1 |
_aChombart de Lauwe, Paul-Henry, _d1913-1998 _eaut _938604 |
|
| 700 | 1 |
_aAbad, Ángel _etrl _917894 |
|
| 830 | 0 |
_aColección el mundo y los hombres ; _v13 _9187821 |
|
| 852 | 4 |
_aES-MaACL _cDEPO2 _jP-437-bis-11 |
|
| 942 |
_cMONOGRAFIA _n0 |
||
| 999 |
_c155976 _d155976 |
||